000 00299nam a2200121Ia 4500
008 220204s9999 xx 000 0 und d
082 _a546.3
_bSAN
100 _aSandell, E B
245 0 _aColorimetric determination of traces of metals
250 _a3
260 _bInterscience
_c1959
942 _cBK
999 _c20507
_d20507